Регионална библиотека "Любен Каравелов" - Русе

Жените в Септемврийското въстание (Запис номер 57729)

MARC детайли
000 -Лидер
Контролно поле с фиксирана дължина 01884nam a2200421 c 4500
001 - Контролен номер на записа
Контролно поле 57729
003 - Код на организацията, давaща контролен номер
Контролно поле BLK
005 - Дата и час на последна редакция
Контролно поле 20240404093506.0
008 - Елементи от данни с фиксирана дължина
fixed length control field 180408b bul|||||r ||||||| ||bul||
010 ## - Наследен системен номер
LC control number KNG00061737000
040 ## - Източник на каталожния запис
Идентификатор на билиотеката - собственик на записа BLK
041 ## - Код за език
Код за езика на текст/звукозапис или на отделно заглавие Български
Код за езика КДБФ Български
080 ## - УДК
Текстов определител УДК Юнско и Септемврийско антифашистко въстание (1923)
УДК код - определител по УДК 94(497.2)"1923"
УДК определител (031)
УДК - код + определител 94(497.2)"1923"(031)
080 ## - УДК
Текстов определител УДК Жената и политиката. Женско движение - Женски организации. Международен ден на жената. Участие на жените в обществено-политическия живот
УДК код - определител по УДК 396.9
УДК определител (497.2)(031)
УДК - код + определител 396.9(497.2)(031)
100 1# - Редна дума - Автор
Автор Трифонов, Димитър
Авторска отговорност първи автор
Автор - информация (биография) Янков, Димитър Трифонов
R(LIN) 369213
139 ## - Редно поле
Редна дума Трифонов, Димитър
Авторски знак Триф - Т 84
245 10 - Сведения за заглавието
Заглавие Жените в Септемврийското въстание
Подзаглавни данни Енцикл. справ.
Редно поле (дума) Димитър Трифонов.
257 ## - Страна на издаване
Страна на създаване/издаване България
260 ## - Област на издателските данни
Име на издателя, разпространителя и проч. Партиздат
Година на издаване 1988
300 ## - Физическа характеристика
Страници 239 с.
Илюстрации и др. с портр.
Размери/Мащаб 17 см
380 ## - Жанр
Жанр История
500 ## - Общи забележки
Забележка Библиогр. с. 223-232
500 ## - Общи забележки
Забележка За Стефана Иванова Бакалова - с. 26-28.
504 ## - Забележка за наличие на библиография и др
Забележка за наличие на библиография и под. 223-232
650 #4 - Допълнително описание по предмет – тема
Основно описание – тема или топоним Жени - България - участие в обществено-политическия живот
9 (RLIN) 271811
650 #4 - Допълнително описание по предмет – тема
Основно описание – тема или топоним Женско движение - България - история
9 (RLIN) 242723
653 ## - Ключова дума – ненормативна
Ключова дума жени
653 ## - Ключова дума – ненормативна
Ключова дума Септемврийско въстание 1923
653 ## - Ключова дума – ненормативна
Ключова дума участници
852 ## - Местоположение
Форматна сигнатура Цб І 23967
856 4# - Електронен адрес и достъп
Електронен формат pdf - файл
856 4# - Електронен адрес и достъп
Електронен формат pdf - файл
942 ## - АРТИКУЛИ
Вид на библиотечния материал Книги
Скрит в OPAC Не
944 ## - СЪЗДАВАНЕ И РЕДАКЦИЯ на ЗАПИСА
Създаване/Редакция Създаване
Дата на регистрацията/редакция 13.06.2004
Служител, извършил регистрацията/редакцията 30570
Статус, дата на статуса Моника Янева
944 ## - СЪЗДАВАНЕ И РЕДАКЦИЯ на ЗАПИСА
Създаване/Редакция Редакция
Дата на регистрацията/редакция 27.01.2006
999 ## - СИСТЕМНИ КОНТРОЛНИ НОМЕРА
Koha biblionumber 57729
Koha biblioitemnumber 57729
999 ## - СИСТЕМНИ КОНТРОЛНИ НОМЕРА
Koha biblioitemnumber 57729
999 ## - СИСТЕМНИ КОНТРОЛНИ НОМЕРА
Koha biblioitemnumber 57729
Наличности
Код за отписване Код за изгубен артикул Източник на класификационната схема Код за повреда Коз за рестрикции Код за отдаване Артикулен № Име на библиотеката - собственик Име на библиотеката, в която се намира в момента Статус (Текущо местоположение) Дата на вписване в системата Местоположение - отдел Цена в лева Инвентарен номер Систематично азбучна сигнатура Баркод Номер на екземпляра Цена в евро Служебна бележка Служебен тип на артикула
Изтеглен Не е изгубен Universal Decimal Classification Не е повреден без рестрикции ползва се в читалня 94096 Регионална библиотека "Любен Каравелов" Русе Регионална библиотека "Любен Каравелов" Русе Читалня - справочен фонд 1993-01-01 Читалня 1.33 506852 СЧ 949.72.052/Т84Д 506852 1 0.68 Дата инв: 28.03.2017 Бележки инв: СЧ2017 Книги
  Не е изгубен Universal Decimal Classification Не е повреден без рестрикции заемане за дома 94097 Регионална библиотека "Любен Каравелов" Русе Регионална библиотека "Любен Каравелов" Русе Заемна - подръчен фонд 1988-01-01 Заемна - подръчен фонд 1.33 506848 94(497.2)"1918/1945"/Т 84 Д 120000506848 2 0.68 Дост: Pk Вид: Ф N: стар фонд Дата: 01.01.1988 Дата инв: 08.02.2018 Бележки инв: П2018 Книги
  Не е изгубен Universal Decimal Classification Не е повреден само за читалня ползва се в читалня 94098 Регионална библиотека "Любен Каравелов" Русе Регионална библиотека "Любен Каравелов" Русе Хранилище 1988-01-01 Хранилище 1.33 504967 Цб І 23967 120000504967 3 0.68 Дост: Dp Вид: Д N: стар фонд Дата: 01.01.1988 Книги
Vip Innovations Ltd, Rousse, Bulgaria 2025